Transformácia priemyselného objektu - Brnenec.

Gespeichert in:
Bibliographische Detailangaben
1. Verfasser: Beták, Pavel (Verfasst von)
Weitere Verfasser: Vitková, Ľubica (Betreuung Doktorarbeit)
Format: Manuskript Buch
Sprache:Slowakisch
Veröffentlicht: 2024
Schlagworte:
Online-Zugang:http://is.stuba.sk/zp/portal_zp.pl?podrobnosti=178840
Tags: Tag hinzufügen
Keine Tags, Fügen Sie das erste Tag hinzu!

MARC

LEADER 00000ntm a22000003a 4500
001 stuzp98822
003 SK-STU
005 20240608212557.9
007 ta
008 150427s2015----xo-----f-mn---000-0-slo-d
040 |a STU  |b slo 
041 0 |a slo 
100 1 |a Beták, Pavel  |u 056160  |4 aut  |U FAD Fakulta architektúry a dizajnu  |T FAD Ústav urbanizmu a územného plánovania  |X 98546  |U A6160  |Y 397  |7 98546 
242 0 1 |a Industrial building transformation, Brnenec  |y eng 
245 1 0 |a Transformácia priemyselného objektu - Brnenec. 
260 |c 2024 
650 4 |a pamätník holokaustu  |2 slo 
650 4 |a Brněnec  |2 slo 
650 4 |a Archa  |2 slo 
650 4 |a transformácia  |2 slo 
650 4 |a architektúra  |2 slo 
650 4 |a štúdia  |2 slo 
650 4 |a múzeum preživších holokaustu  |2 slo 
650 4 |a textilná továreň  |2 slo 
650 4 |a architecture  |2 eng 
650 4 |a Brněnec  |2 eng 
650 4 |a Archa  |2 eng 
650 4 |a transformation  |2 eng 
650 4 |a textile factory  |2 eng 
650 4 |a Holocaust survivors museum  |2 eng 
650 4 |a Holocaust memorial  |2 eng 
700 1 |a Vitková, Ľubica  |u 056160  |k Z1  |4 ths  |U FAD Fakulta architektúry a dizajnu  |T FAD Ústav urbanizmu a územného plánovania  |X 447  |U A6160  |Y 397  |7 A000000447 
856 4 |u http://is.stuba.sk/zp/portal_zp.pl?podrobnosti=178840